|
|
|
|
| LEADER |
00000nam0a2200000 4500 |
| 001 |
255064 |
| 005 |
20231101233006.0 |
| 035 |
|
|
|a (RuTPU)RU\TPU\book\277567
|
| 090 |
|
|
|a 255064
|
| 100 |
|
|
|a 20140326d1965 m y0rusy50 ca
|
| 101 |
0 |
|
|a rus
|
| 102 |
|
|
|a RU
|
| 105 |
|
|
|a a j 000zy
|
| 200 |
1 |
|
|a Сто задач по физике
|f Б. Ю. Коган
|
| 210 |
|
|
|a Москва
|c Наука
|d 1965
|
| 215 |
|
|
|a 63 с.
|c ил.
|
| 606 |
1 |
|
|a Физика
|2 stltpush
|3 (RuTPU)RU\TPU\subj\63709
|9 80688
|
| 610 |
1 |
|
|a кинематика
|
| 610 |
1 |
|
|a статика
|
| 610 |
1 |
|
|a динамика
|
| 610 |
1 |
|
|a гидростатика
|
| 610 |
1 |
|
|a электростатика
|
| 610 |
1 |
|
|a электрический ток
|
| 610 |
1 |
|
|a магнетизм
|
| 610 |
1 |
|
|a электромагнетизм
|
| 610 |
1 |
|
|a оптика
|
| 610 |
1 |
|
|a задачи
|
| 610 |
1 |
|
|a решения
|
| 610 |
1 |
|
|a ответы
|
| 610 |
1 |
|
|a учебные пособия
|
| 675 |
|
|
|a 53(075)
|v 3
|
| 700 |
|
1 |
|a Коган
|b Б. Ю.
|g Борис Юрьевич
|
| 801 |
|
1 |
|a RU
|b 63413507
|c 20140326
|
| 801 |
|
2 |
|a RU
|b 63413507
|c 20220415
|g RCR
|
| 942 |
|
|
|c BK
|